000 00787nab a2200241 u 4500
001 14918
003 HDC
007 cr bn ---aaaaa
008 210216c mydr|nes 0 a may d
040 _aHDC
245 0 _aMIA, IBFIM anjur Persidangan Kewangan Islam
260 _aMalaysia:
_bBerita Harian,
_c2014
336 _atext
_2rdacontent
337 _acomputer
_2rdamedia
338 _aonline resource
_2rdacarrier
650 _aIslamic finance
_xseminar
_915274
650 _asmall and medium enterprise
_98448
710 _aBerita Harian
856 _zRequest full-text at [email protected]
942 _2lcc
942 _cNEWS
942 _kNSWC 004759
999 _c12234
_d12234